000 00590nam a22001937a 4500
999 _c179505
_d179505
005 20210616124108.0
010 _aB-740235
020 _a9788185002583
_c295.00
035 _aB-740235
037 _bGift
082 _a921
100 _aWasi, Muriel
245 _aThe narrow corridor:
_bmoments in a women's life /
_cby Muriel Wasi
260 _aNew Delhi
_bPromilla
_c2005
270 _aC-127, Sarvodaya Enclave
_bNew Delhi
_e110017
300 _a117p.
_c21cm(pbk)
942 _2ddc
_cEN
_h921
_mWAS